Archive zum Basler Pietismus des 19. Jahrhunderts

Titel: Archive zum Basler Pietismus des 19. Jahrhunderts
Verfasser:
In: Jahrbuch für evangelikale Theologie, (2004), Seite 201-207
alle Artikel anzeigen
Veröffentlicht: 2004
Format: Aufsatz
Kein Bild verfügbar
X
alg: 44191680
001A    $03036:30-01-19 
001B    $01999:30-01-19 $t23:07:18.000 
001D    $03036:30-01-19 
001U    $0utf8 
001X    $00 
002@    $0Aox    
003@    $0441916805 
007A    $0441916805 $aHEB 
007T    $0ArchMa07784 
011@    $a2004 
021A    $aArchive zum Basler Pietismus des 19. Jahrhunderts 
028A    $aEber $dJochen 
031A    $h201-207 $j2004 
039B    $aIn $8--Abvc--. Jahrbuch für evangelikale Theologie. - Witten : SCM R. Brockhaus, 1987-[2016]. - ISSN 0933-3835 $x200400000000000799 $9047392312 
045T    $a1 

lok: 44191680 105

exp: 44191680 105 1 #EPN
201B/01 $030-01-19 $t13:34:17.000 
201C/01 $030-01-19 
201U/01 $0utf8 
203@/01 $01042272654 
208@/01 $a13-12-18 $be 
209A/01 $a/ $f106 $x00 
244Z/01 $aBasel $x01 
245Z/01 $a4.12.02. $bArchivwesen Europas / Schweiz, Liechtenstein / Archive und Archivbestände $x01 
247C/01 $8->Marburg, Bibliographie zum Archivwesen der Archivschule Marburg $939588196X
LEADER 00000caa a22000002c 4500
001 441916805
003 DE-603
005 20190130230718.0
007 tu
008 190130s2004 xx |||| | u00||u|und c
035 |a (DE-599)HEB441916805 
040 |a DE-603  |b ger  |c DE-603  |d DE-603 
084 |a 1  |2 ssgn 
100 1 |a Eber, Jochen 
245 0 0 |a Archive zum Basler Pietismus des 19. Jahrhunderts 
264 0 |c 2004 
773 0 8 |i In  |t Jahrbuch für evangelikale Theologie  |d Witten : SCM R. Brockhaus, 1987-[2016]  |h 21 cm  |x 0933-3835  |g (2004), Seite 201-207  |w (DE-603)047392312  |w (DE-600)228432-7 
924 0 |9 -  |a (DE-603)1042272654  |b DE-  |c HES  |d d  |g /